000 01060nas a2200361 4500
001 BR2017000916
003 BR-BrBNA
005 20231205130900.0
007 ta
008 230509b bl.|||p| |||| 00| 00por d
040 _aBR-BrBNA
_bpor
_cBiblioteca Nacional de Agricultura
041 _a(En)
072 _aQ03
100 1 _aTejada, T.S.
100 1 _aSIlva, C.S.J.
100 1 _aLopes, N.A.
100 1 _aSIlva, D.T.
100 1 _aAgostinetto, A.
100 1 _aSIlva, E.F.
100 1 _aMenezes, D.B.
100 1 _aTimm, C.D.
245 1 _aDNA profiles of Salmonella spp. isolated from chicken products and from broiler and human feces
650 _aFRANGO
650 _aSUPLEMENTO ALIMENTAR
650 _aCARNE
650 _aSALMONELLA
650 _aCONTAMINAÇÃO
650 _aBIOQUÍMICA
650 _aCONTROLE DE QUALIDADE
773 0 _tBrazilian Journal of Poultry Science (Brazil)
_xISSN 1516-635X
_g(Oct-Dec 2016), v. 18(4) p. 693-699
_wBR2017000916
909 _a202311
_bLúcia
_c55
_dLúcia Elande
942 _2AGRIS
_n0
_cANA
999 _c251833
_d251833